000 01385cam a22002891i 4500
003 SA-RiAUC
005 20241226060751.0
008 241225s2015 su g 000 0 ara c
040 _aSA-JeALM
_bara
_cSA-RiAUC
_erda
082 0 4 _a243
_qSA-RiAUC
090 _a243
_bج ل ا
100 1 _aالجلال السيوطي، عبد الرحمن بن أبي بكر بن محمد،
_d849-911 هجري
_eمؤلف.
245 1 0 _aشرح الصدور بشرح حال الموتى والقبور /
_cجلال الدين السيوطي ؛ تحقيق قصي محمد نورس.
250 _aالطبعة الاولى.
264 1 _aجدة [السعودية] :
_bدار المنهاج للنشر والتوزيع،
_c2011
300 _a608 صفحة ؛
_c24 سم
336 _aنص
_btxt
_2rdacontent
_3كتاب
337 _aبدون وسيط
_bn
_2rdamedia
338 _aمجلد
_bnc
_2rdacarrier
563 _aفليكس أبيض.
650 7 _aالموت (إسلام)
_2aucsh
650 7 _aسؤال القبر وعذابه (إسلام)
_2aucsh
700 1 _aالحلاق، قصي محمد نورس
_eمحقق.
700 1 2 _iتحقيق لـ (عمل) :
_aالجلال السيوطي، عبد الرحمن بن أبي بكر بن محمد،
_d849-911 هجري
_tشرح الصدور بشرح حال الموتى والقبور.
942 _2ddc
_cBOOK
_n0
949 _aSA-JeALM
_d241225
_uosman123
_n1
999 _c3979
_d3979